[Event "3. Open Stadium Casablanca 2009"]
[Site "Zaragoza ESP"]
[Date "2009.12.26"]
[Round "1.1"]
[White "Matamoros Franco, Carlos S"]
[Black "Castillo Sanjuan, Daniel"]
[Result "1-0"]
[WhiteElo "2541"]
[BlackElo "1882"]
[PlyCount "61"]
[EventDate "2009.12.26"]
[EventType "swiss"]
[EventRounds "9"]
[EventCountry "ESP"]
[Source "lmi"]
[SourceDate "2009.12.26"]

1. Nf3 Nf6 2. c4 g6 3. g3 Bg7 4. Bg2 d6 5. d4 O-O 6. Nc3 Nc6 7. O-O e5 8. d5
Ne7 9. e4 Ne8 10. Ne1 f5 11. Nd3 c5 12. f4 exf4 13. Bxf4 a6 14. e5 dxe5 15.
Bxe5 Nd6 16. Bxg7 Kxg7 17. Nxc5 Qc7 18. Qd4+ Kg8 19. Rad1 b6 20. Ne6 Bxe6 21.
dxe6 Rad8 22. Nd5 Nxd5 23. Bxd5 Qe7 24. Qxb6 Ne4 25. Qe3 Ng5 26. h4 Ne4 27.
Bxe4 Rxd1 28. Rxd1 fxe4 29. Qxe4 Rf6 30. Qa8+ Rf8 31. Qd5 1-0

[Event "3. Open Stadium Casablanca 2009"]
[Site "Zaragoza ESP"]
[Date "2009.12.26"]
[Round "1.2"]
[White "Garcia Montolar, Cesar"]
[Black "Cruz, Cristhian"]
[Result "0-1"]
[WhiteElo "1879"]
[BlackElo "2523"]
[PlyCount "72"]
[EventDate "2009.12.26"]
[EventType "swiss"]
[EventRounds "9"]
[EventCountry "ESP"]
[Source "lmi"]
[SourceDate "2009.12.26"]

1. d4 e6 2. c4 Nf6 3. Bg5 h6 4. Bxf6 Qxf6 5. Nc3 c5 6. Nf3 cxd4 7. Qxd4 Qd8 8.
e3 Nc6 9. Qd2 Be7 10. Be2 O-O 11. O-O a6 12. a3 b6 13. Rfd1 d6 14. b3 Bb7 15.
Nd4 Qc7 16. Qc2 Rac8 17. Rd2 d5 18. Qb2 dxc4 19. bxc4 Nxd4 20. exd4 b5 21. Rb1
Ba8 22. Rc2 bxc4 23. Nd1 Rb8 24. Qa1 Rxb1 25. Qxb1 Be4 26. Rxc4 Qxc4 27. Qxe4
Qc1 28. d5 Rd8 29. g3 Rxd5 30. Qa4 Qxa3 31. Qe8+ Bf8 32. Ne3 Rd2 33. Bh5 Qe7
34. Qa8 Ra2 35. Nc4 Qc5 36. Qf3 g6 0-1

[Event "3. Open Stadium Casablanca 2009"]
[Site "Zaragoza ESP"]
[Date "2009.12.26"]
[Round "1.3"]
[White "Leon Hoyos, Manuel"]
[Black "Arias Alvarez, Alberto"]
[Result "1-0"]
[WhiteElo "2516"]
[BlackElo "1868"]
[PlyCount "39"]
[EventDate "2009.12.26"]
[EventType "swiss"]
[EventRounds "9"]
[EventCountry "ESP"]
[Source "lmi"]
[SourceDate "2009.12.26"]

1. e4 c5 2. Nf3 d6 3. d4 cxd4 4. Nxd4 Nf6 5. Nc3 a6 6. Bc4 e6 7. Bb3 Be7 8. g4
b5 9. g5 Nfd7 10. Bxe6 Nc5 11. Bxc8 Qxc8 12. Nd5 Qb7 13. Nf5 Bf8 14. Bf4 Qc6
15. Qe2 Ne6 16. Bg3 g6 17. O-O-O Nd7 18. Nxd6+ Bxd6 19. Bxd6 O-O-O 20. Ne7+ 1-0

[Event "3. Open Stadium Casablanca 2009"]
[Site "Zaragoza ESP"]
[Date "2009.12.26"]
[Round "1.4"]
[White "Palacin Algas, Angel"]
[Black "Franco Ocampos, Zenon"]
[Result "0-1"]
[WhiteElo "1863"]
[BlackElo "2516"]
[PlyCount "70"]
[EventDate "2009.12.26"]
[EventType "swiss"]
[EventRounds "9"]
[EventCountry "ESP"]
[Source "lmi"]
[SourceDate "2009.12.26"]

1. e4 c5 2. Nc3 Nc6 3. g3 g6 4. Bg2 Bg7 5. d3 e5 6. f4 d6 7. Nh3 Nge7 8. O-O
exf4 9. Nxf4 O-O 10. Ncd5 Rb8 11. c3 b5 12. Be3 b4 13. d4 bxc3 14. bxc3 cxd4
15. cxd4 Nxd5 16. Nxd5 Nb4 17. Nxb4 Rxb4 18. Qd3 Qa5 19. Rfc1 Ra4 20. Rc2 Ra3
21. Qe2 Ba6 22. Qf2 Qa4 23. Rd2 Rc8 24. e5 dxe5 25. dxe5 Rd3 26. Bd5 Rxd5 27.
Rxd5 Bb7 28. Qd2 Qe4 29. Rd4 Qh1+ 30. Kf2 Qxh2+ 31. Ke1 Qh1+ 32. Kf2 Qxa1 33.
Rd8+ Bf8 34. Bh6 Qxe5 35. Bxf8 Qf6+ 0-1

[Event "3. Open Stadium Casablanca 2009"]
[Site "Zaragoza ESP"]
[Date "2009.12.26"]
[Round "1.5"]
[White "Adla, Diego"]
[Black "Sanz Navarro, Alberto"]
[Result "1-0"]
[WhiteElo "2498"]
[BlackElo "1860"]
[PlyCount "70"]
[EventDate "2009.12.26"]
[EventType "swiss"]
[EventRounds "9"]
[EventCountry "ESP"]
[Source "lmi"]
[SourceDate "2009.12.26"]

1. e4 e5 2. Bc4 Bc5 3. Nc3 d6 4. Na4 Nd7 5. d3 c6 6. Nxc5 dxc5 7. Nf3 Ngf6 8.
a4 Qe7 9. Ng5 O-O 10. a5 h6 11. h4 b5 12. axb6 Nxb6 13. Qf3 Nxc4 14. dxc4 Bg4
15. Qg3 Rad8 16. f3 Be6 17. Nxe6 Qxe6 18. b3 Nh5 19. Qf2 f5 20. exf5 Qd6 21.
Be3 e4 22. f4 Qf6 23. O-O Qxf5 24. Bxc5 Rd2 25. Qxd2 Qxc5+ 26. Kh2 e3 27. Qa5
Qxa5 28. Rxa5 Nxf4 29. Re5 e2 30. Rf3 Ng6 31. Rxf8+ Kxf8 32. Rxe2 Nxh4 33. Re6
Nf5 34. Rxc6 Nd4 35. Ra6 Nxc2 1-0

[Event "3. Open Stadium Casablanca 2009"]
[Site "Zaragoza ESP"]
[Date "2009.12.26"]
[Round "1.7"]
[White "Glavina, Pablo"]
[Black "Twomey, Pat"]
[Result "1-0"]
[WhiteElo "2461"]
[BlackElo "1856"]
[PlyCount "59"]
[EventDate "2009.12.26"]
[EventType "swiss"]
[EventRounds "9"]
[EventCountry "ESP"]
[Source "lmi"]
[SourceDate "2009.12.26"]

1. d4 Nf6 2. c4 c5 3. d5 b5 4. cxb5 a6 5. Nc3 axb5 6. e4 b4 7. Nb5 d6 8. Bf4 g5
9. Bxg5 Nxe4 10. Bf4 Nf6 11. Bc4 Nbd7 12. Qe2 Bg7 13. Nxd6+ Kf8 14. Nxf7 Kxf7
15. d6+ Ke8 16. O-O-O Nb6 17. Bb5+ Bd7 18. Nf3 Nbd5 19. Rhe1 Rxa2 20. Qc4 Ra1+
21. Kd2 Rxd1+ 22. Kxd1 Qa5 23. Bxd7+ Nxd7 24. Qxd5 Bxb2 25. Rxe7+ Kd8 26. Rxd7+
Kxd7 27. Qb7+ Ke6 28. Ng5+ Kf5 29. Qd5+ Kf6 30. Qe6+ 1-0

[Event "3. Open Stadium Casablanca 2009"]
[Site "Zaragoza ESP"]
[Date "2009.12.26"]
[Round "1.8"]
[White "Argueso Palomino, Manuel"]
[Black "Garza Marco, Sergio"]
[Result "0-1"]
[WhiteElo "1855"]
[BlackElo "2452"]
[PlyCount "46"]
[EventDate "2009.12.26"]
[EventType "swiss"]
[EventRounds "9"]
[EventCountry "ESP"]
[Source "lmi"]
[SourceDate "2009.12.26"]

1. d4 g6 2. Nf3 Bg7 3. e3 d6 4. Bd3 e5 5. c3 Nd7 6. Nbd2 Ngf6 7. e4 O-O 8. O-O
Nh5 9. Nb3 h6 10. Be3 Qf6 11. Qc1 g5 12. Be2 Qg6 13. Nfd2 Nf4 14. Bxf4 gxf4 15.
Qe1 Nf6 16. f3 Nh5 17. Bc4 Bf6 18. Qf2 Kh8 19. Rfd1 Rg8 20. Kf1 Bh3 21. gxh3
Bh4 22. Qxh4 Qg1+ 23. Ke2 Qe3+ 0-1

[Event "3. Open Stadium Casablanca 2009"]
[Site "Zaragoza ESP"]
[Date "2009.12.26"]
[Round "1.9"]
[White "Mogranzini, Roberto"]
[Black "Larrosa Moles, Marcos"]
[Result "1-0"]
[WhiteElo "2415"]
[BlackElo "1846"]
[PlyCount "79"]
[EventDate "2009.12.26"]
[EventType "swiss"]
[EventRounds "9"]
[EventCountry "ESP"]
[Source "lmi"]
[SourceDate "2009.12.26"]

1. e4 c5 2. Nc3 Nc6 3. Bb5 e6 4. Bxc6 dxc6 5. d3 g6 6. Be3 Qb6 7. Rb1 Bg7 8.
Qd2 Qb4 9. Nge2 Ne7 10. O-O O-O 11. Bh6 Rd8 12. a3 Qa5 13. Nd5 Qxd2 14. Nxe7+
Kf8 15. Nxg6+ hxg6 16. Bxd2 b6 17. Bc3 Bh6 18. Bf6 Rd7 19. f4 Ba6 20. b3 Bg7
21. Bxg7+ Kxg7 22. f5 exf5 23. exf5 Re8 24. Ng3 Rd6 25. Rbe1 Rdd8 26. f6+ Kg8
27. Kf2 Bc8 28. Rxe8+ Rxe8 29. Re1 Be6 30. Ne4 Rd8 31. h3 Rd5 32. g4 Kf8 33.
Ke3 Ke8 34. Kf4 Kd7 35. Ng5 Rd4+ 36. Re4 Kd6 37. Rxd4+ cxd4 38. h4 Kd7 39. h5
gxh5 40. gxh5 1-0

[Event "3. Open Stadium Casablanca 2009"]
[Site "Zaragoza ESP"]
[Date "2009.12.26"]
[Round "1.10"]
[White "Iglesias Fernandez, Luis"]
[Black "Cruz, Filemon"]
[Result "0-1"]
[WhiteElo "1840"]
[BlackElo "2412"]
[PlyCount "60"]
[EventDate "2009.12.26"]
[EventType "swiss"]
[EventRounds "9"]
[EventCountry "ESP"]
[Source "lmi"]
[SourceDate "2009.12.26"]

1. e4 c5 2. Nf3 d6 3. d4 cxd4 4. Nxd4 Nf6 5. Nc3 a6 6. Bg5 Nc6 7. Bc4 e6 8. Bb3
Bd7 9. f4 h6 10. Bh4 Be7 11. Qd3 g5 12. fxg5 Ng4 13. Nxc6 bxc6 14. Bg3 hxg5 15.
Bxd6 Bxd6 16. Qxd6 Qb8 17. Qxb8+ Rxb8 18. h3 c5 19. Ke2 Ne5 20. Rab1 Ke7 21.
Ba4 Bc8 22. b3 Bb7 23. Rbd1 Rh4 24. Ke3 Rbh8 25. Rd2 g4 26. Kf4 gxh3+ 27. Ke3
hxg2 28. Rg1 Rh3+ 29. Ke2 Rxc3 30. Rxg2 Bxe4 0-1

[Event "3. Open Stadium Casablanca 2009"]
[Site "Zaragoza ESP"]
[Date "2009.12.26"]
[Round "1.11"]
[White "Matnadze, Ana"]
[Black "Pellicer Sancho, Rafael Jose"]
[Result "1-0"]
[WhiteElo "2401"]
[BlackElo "1838"]
[PlyCount "43"]
[EventDate "2009.12.26"]
[EventType "swiss"]
[EventRounds "9"]
[EventCountry "ESP"]
[Source "lmi"]
[SourceDate "2009.12.26"]

1. d4 Nf6 2. c4 d6 3. Nf3 e6 4. Nc3 Be7 5. g3 c5 6. Bg2 cxd4 7. Nxd4 O-O 8. O-O
d5 9. cxd5 Nxd5 10. Nxd5 exd5 11. Qb3 Nc6 12. Rd1 Bf6 13. Be3 Na5 14. Qxd5 Qxd5
15. Bxd5 Rd8 16. Nb5 a6 17. Nc7 Bg4 18. f3 Bf5 19. Nxa8 Rxa8 20. Bd4 Be7 21.
Rac1 Rd8 22. Bb6 1-0

[Event "3. Open Stadium Casablanca 2009"]
[Site "Zaragoza ESP"]
[Date "2009.12.27"]
[Round "2.1"]
[White "Sesma Rubio, Patxi"]
[Black "Matamoros Franco, Carlos S"]
[Result "0-1"]
[WhiteElo "2128"]
[BlackElo "2541"]
[PlyCount "64"]
[EventDate "2009.12.26"]
[EventType "swiss"]
[EventRounds "9"]
[EventCountry "ESP"]
[Source "lmi"]
[SourceDate "2009.12.26"]

1. d4 Nf6 2. c4 g6 3. Nc3 Bg7 4. e4 d6 5. f4 c5 6. d5 O-O 7. Nf3 e6 8. Be2 exd5
9. cxd5 Bg4 10. O-O Nbd7 11. Re1 Bxf3 12. Bxf3 Ne8 13. Be3 Rb8 14. a4 a6 15. a5
b5 16. axb6 Rxb6 17. Re2 Nc7 18. Bf2 Rb4 19. e5 dxe5 20. fxe5 Bxe5 21. Rxe5
Nxe5 22. Bxc5 Rxb2 23. Bxf8 Kxf8 24. Kh1 Qd6 25. Be2 Kg7 26. Qc1 Rb4 27. Qd2
Nd7 28. Rc1 Nf6 29. Bf3 Nfe8 30. Ra1 Qb6 31. Qg5 Qd6 32. Rc1 h6 0-1

[Event "3. Open Stadium Casablanca 2009"]
[Site "Zaragoza ESP"]
[Date "2009.12.27"]
[Round "2.2"]
[White "Cruz, Cristhian"]
[Black "Cantin Zaborras, Valentin"]
[Result "1-0"]
[WhiteElo "2523"]
[BlackElo "2117"]
[PlyCount "59"]
[EventDate "2009.12.26"]
[EventType "swiss"]
[EventRounds "9"]
[EventCountry "ESP"]
[Source "lmi"]
[SourceDate "2009.12.26"]

1. d4 d5 2. c4 c6 3. Nf3 Nf6 4. Nc3 dxc4 5. a4 Bf5 6. Ne5 Nbd7 7. Nxc4 Nb6 8.
Ne5 a5 9. g3 e6 10. Bg2 Bb4 11. O-O O-O 12. e3 Nfd7 13. e4 Bg6 14. Nxg6 hxg6
15. e5 Nd5 16. Nxd5 cxd5 17. h4 Re8 18. h5 gxh5 19. Qxh5 g6 20. Qh3 Qb6 21. Be3
Bf8 22. Bxd5 Qxb2 23. Be4 Rac8 24. Kg2 Bg7 25. Rh1 Nf8 26. Rab1 Qe2 27. Bf3 Qd3
28. Rbd1 Qa3 29. Bh6 f5 30. Bxg7 1-0

[Event "3. Open Stadium Casablanca 2009"]
[Site "Zaragoza ESP"]
[Date "2009.12.27"]
[Round "2.3"]
[White "Juberias Segura, Santiago"]
[Black "Leon Hoyos, Manuel"]
[Result "0-1"]
[WhiteElo "2112"]
[BlackElo "2516"]
[PlyCount "114"]
[EventDate "2009.12.26"]
[EventType "swiss"]
[EventRounds "9"]
[EventCountry "ESP"]
[Source "lmi"]
[SourceDate "2009.12.26"]

1. c4 Nf6 2. g3 e5 3. Bg2 c6 4. Nc3 d5 5. d3 d4 6. Nb1 h6 7. Nf3 Bd6 8. O-O c5
9. Na3 Nc6 10. Bd2 O-O 11. Nc2 Bf5 12. Nh4 Bh7 13. Bh3 Re8 14. f3 Bf8 15. Qe1
Ne7 16. Qf2 Qc7 17. Rae1 Rad8 18. a3 a5 19. a4 Nd7 20. Na3 g5 21. Nb5 Qb6 22.
Ng2 f5 23. Rd1 Bg7 24. Qe1 Ra8 25. e4 Nf6 26. g4 f4 27. Qe2 Bg6 28. Ne1 h5 29.
Bg2 Kf7 30. h3 Rh8 31. Kf2 Rh7 32. Nc2 Rah8 33. Rh1 Qd8 34. Rdg1 Kf8 35. Ne1
Be8 36. Nc2 Ng6 37. Ke1 Bd7 38. Kd1 Be6 39. b3 Nh4 40. Kc1 b6 41. Ne1 Qd7 42.
Kb2 Kf7 43. Na3 Rh6 44. Nb5 R8h7 45. Bc1 Ng6 46. Bd2 Nh4 47. Bc1 Bf8 48. Bd2
Be7 49. Bc1 Qc8 50. Bd2 Ke8 51. Bc1 Kd7 52. Bd2 Qh8 53. Na3 Nxg2 54. Qxg2 hxg4
55. fxg4 Rxh3 56. Rxh3 Rxh3 57. Nf3 Nxg4 0-1

[Event "3. Open Stadium Casablanca 2009"]
[Site "Zaragoza ESP"]
[Date "2009.12.27"]
[Round "2.4"]
[White "Franco Ocampos, Zenon"]
[Black "Roche Simon, Manuel Angel"]
[Result "1-0"]
[WhiteElo "2516"]
[BlackElo "2082"]
[PlyCount "71"]
[EventDate "2009.12.26"]
[EventType "swiss"]
[EventRounds "9"]
[EventCountry "ESP"]
[Source "lmi"]
[SourceDate "2009.12.26"]

1. Nf3 d5 2. b3 c5 3. e3 a6 4. d4 Nc6 5. Bb2 Nf6 6. Nbd2 Bg4 7. Be2 e6 8. O-O
Be7 9. h3 Bh5 10. c4 cxd4 11. Nxd4 Bxe2 12. Qxe2 O-O 13. Rfd1 Rc8 14. e4 Qb6
15. Nxc6 bxc6 16. exd5 cxd5 17. cxd5 Rc2 18. Be5 exd5 19. Qd3 Rcc8 20. Nf1 Bc5
21. Bd4 Rfd8 22. Ne3 Ne4 23. Bxc5 Qxc5 24. Qd4 Nc3 25. Qxc5 Rxc5 26. Rd3 Ne4
27. Kf1 f5 28. Rd2 g6 29. Rad1 Kg7 30. h4 Ra5 31. g3 Nf6 32. Nxd5 Rd7 33. Nc3
Rxd2 34. Rxd2 Re5 35. Kg2 h6 36. Kf3 1-0

[Event "3. Open Stadium Casablanca 2009"]
[Site "Zaragoza ESP"]
[Date "2009.12.27"]
[Round "2.5"]
[White "Iturbide Arnedo, Oscar"]
[Black "Adla, Diego"]
[Result "0-1"]
[WhiteElo "2080"]
[BlackElo "2498"]
[PlyCount "76"]
[EventDate "2009.12.26"]
[EventType "swiss"]
[EventRounds "9"]
[EventCountry "ESP"]
[Source "lmi"]
[SourceDate "2009.12.26"]

1. e4 c5 2. Nc3 d6 3. g3 Nc6 4. Bg2 g6 5. d3 Nf6 6. f4 Bg7 7. Nf3 O-O 8. h3 Rb8
9. Be3 b5 10. g4 Nd7 11. Qd2 b4 12. Nd1 a5 13. f5 Nde5 14. Nxe5 Nxe5 15. Bh6 a4
16. Bxg7 Kxg7 17. Ne3 Ba6 18. b3 Ra8 19. O-O Bb7 20. Nc4 axb3 21. axb3 Nxc4 22.
dxc4 Qc7 23. Rxa8 Rxa8 24. f6+ exf6 25. Qf2 Re8 26. Qxf6+ Kg8 27. Ra1 Re6 28.
Qf4 Qe7 29. Re1 Re5 30. Re2 h5 31. Bf3 h4 32. Kf1 Kg7 33. Qe3 d5 34. cxd5 Ba6
35. c4 bxc3 36. Qxc3 f6 37. Kf2 Bxe2 38. Kxe2 Rxd5 0-1

[Event "3. Open Stadium Casablanca 2009"]
[Site "Zaragoza ESP"]
[Date "2009.12.27"]
[Round "2.6"]
[White "Oms Pallisse, Josep"]
[Black "Valiente Roy, Jose Javier"]
[Result "1-0"]
[WhiteElo "2490"]
[BlackElo "2079"]
[PlyCount "67"]
[EventDate "2009.12.26"]
[EventType "swiss"]
[EventRounds "9"]
[EventCountry "ESP"]
[Source "lmi"]
[SourceDate "2009.12.26"]

1. d4 Nf6 2. c4 e6 3. Nf3 b6 4. Nc3 Bb4 5. Bg5 h6 6. Bh4 g5 7. Bg3 Ne4 8. Qc2
Bb7 9. e3 Bxc3+ 10. bxc3 d6 11. Bd3 Nxg3 12. hxg3 Nd7 13. a4 a5 14. Be4 Bxe4
15. Qxe4 Nf6 16. Qd3 Nd7 17. g4 Kf8 18. Nd2 Kg7 19. Ne4 Nf6 20. Ng3 Qd7 21. f3
d5 22. cxd5 Nxd5 23. Nh5+ Kf8 24. e4 Nf4 25. Nxf4 gxf4 26. Qd2 Qd6 27. e5 Qc6
28. Rc1 Qxa4 29. Qxf4 Qa3 30. Kf2 Ke8 31. g5 Qb2+ 32. Kg3 Rg8 33. Rxh6 Kd7 34.
Rh7 1-0

[Event "3. Open Stadium Casablanca 2009"]
[Site "Zaragoza ESP"]
[Date "2009.12.27"]
[Round "2.7"]
[White "Quintin Navarro, Alberto"]
[Black "Glavina, Pablo"]
[Result "0-1"]
[WhiteElo "2072"]
[BlackElo "2461"]
[PlyCount "56"]
[EventDate "2009.12.26"]
[EventType "swiss"]
[EventRounds "9"]
[EventCountry "ESP"]
[Source "lmi"]
[SourceDate "2009.12.26"]

1. d4 Nf6 2. c4 c5 3. d5 e6 4. Nc3 exd5 5. cxd5 d6 6. e4 g6 7. f3 Bg7 8. Be3
O-O 9. Nge2 Na6 10. Ng3 Nc7 11. Be2 Rb8 12. O-O b5 13. Re1 Nd7 14. Qc2 Re8 15.
Nf1 Ne5 16. Nd2 Bd7 17. h3 b4 18. Nd1 Bb5 19. Bc4 Nxc4 20. Nxc4 Bxc4 21. Qxc4
Qd7 22. Rc1 a5 23. Re2 Nb5 24. Rd2 a4 25. Nf2 a3 26. b3 f5 27. g4 Qf7 28. Rf1
f4 0-1

[Event "3. Open Stadium Casablanca 2009"]
[Site "Zaragoza ESP"]
[Date "2009.12.27"]
[Round "2.8"]
[White "Garza Marco, Sergio"]
[Black "Garcia Andres, Daniel"]
[Result "1-0"]
[WhiteElo "2452"]
[BlackElo "2059"]
[PlyCount "35"]
[EventDate "2009.12.26"]
[EventType "swiss"]
[EventRounds "9"]
[EventCountry "ESP"]
[Source "lmi"]
[SourceDate "2009.12.26"]

1. d4 d5 2. c4 e6 3. Nf3 c5 4. cxd5 exd5 5. g3 Nc6 6. Bg2 Nf6 7. O-O c4 8. b3
b5 9. a4 b4 10. bxc4 dxc4 11. Ne5 Nxd4 12. Bxa8 Be6 13. Bg2 Bc5 14. Be3 O-O 15.
Nc6 Nxc6 16. Bxc5 Qxd1 17. Rxd1 c3 18. Nxc3 1-0

[Event "3. Open Stadium Casablanca 2009"]
[Site "Zaragoza ESP"]
[Date "2009.12.27"]
[Round "2.10"]
[White "Cruz, Filemon"]
[Black "Silva Rodriguez, Fernando"]
[Result "1-0"]
[WhiteElo "2412"]
[BlackElo "2048"]
[PlyCount "65"]
[EventDate "2009.12.26"]
[EventType "swiss"]
[EventRounds "9"]
[EventCountry "ESP"]
[Source "lmi"]
[SourceDate "2009.12.26"]

1. d4 d6 2. c4 e5 3. e3 Nd7 4. Nc3 g6 5. g3 Bg7 6. Bg2 c6 7. Nge2 f5 8. b3 Ngf6
9. O-O e4 10. Ba3 Bf8 11. Nf4 Nb6 12. h4 Kf7 13. f3 d5 14. Bxf8 Rxf8 15. fxe4
fxe4 16. a4 a5 17. Qd2 Bf5 18. cxd5 Nbxd5 19. Ncxd5 cxd5 20. Rac1 Qb6 21. Bh3
Bxh3 22. Nxd5 Qxb3 23. Rxf6+ Kg7 24. Rc7+ Kh8 25. Rxf8+ Rxf8 26. Nf4 Bg4 27. d5
Qd1+ 28. Qxd1 Bxd1 29. Ne6 Re8 30. Rxb7 Bxa4 31. Nc5 Bd1 32. d6 Rd8 33. Ne6 1-0

[Event "3. Open Stadium Casablanca 2009"]
[Site "Zaragoza ESP"]
[Date "2009.12.27"]
[Round "2.11"]
[White "Arregui Untoria, Carlos"]
[Black "Matnadze, Ana"]
[Result "0-1"]
[WhiteElo "2017"]
[BlackElo "2401"]
[PlyCount "34"]
[EventDate "2009.12.26"]
[EventType "swiss"]
[EventRounds "9"]
[EventCountry "ESP"]
[Source "lmi"]
[SourceDate "2009.12.26"]

1. d4 Nf6 2. c4 e6 3. g3 d5 4. Bg2 g6 5. Nf3 Bg7 6. O-O O-O 7. Qc2 Nc6 8. Rd1
dxc4 9. Bg5 h6 10. Bf4 Nd5 11. Qxc4 g5 12. Bc1 f5 13. Nc3 Nb6 14. Qb3 g4 15. d5
Na5 16. Qb4 gxf3 17. dxe6 Bxc3 0-1

[Event "3. Open Stadium Casablanca 2009"]
[Site "Zaragoza ESP"]
[Date "2009.12.27"]
[Round "3.1"]
[White "Matamoros Franco, Carlos S"]
[Black "Fierro Baquero, Martha L"]
[Result "1/2-1/2"]
[WhiteElo "2541"]
[BlackElo "2354"]
[PlyCount "34"]
[EventDate "2009.12.26"]
[EventType "swiss"]
[EventRounds "9"]
[EventCountry "ESP"]
[Source "lmi"]
[SourceDate "2009.12.26"]

1. Nf3 d5 2. g3 Nf6 3. Bg2 Bf5 4. c4 c6 5. b3 e6 6. Bb2 Be7 7. O-O O-O 8. d4
Nbd7 9. Nbd2 Ne4 10. Nxe4 Bxe4 11. Nd2 Bxg2 12. Kxg2 f5 13. e3 Qe8 14. Nf3 Qh5
15. Ne1 Qxd1 16. Rxd1 a5 17. Nd3 a4 1/2-1/2

[Event "3. Open Stadium Casablanca 2009"]
[Site "Zaragoza ESP"]
[Date "2009.12.27"]
[Round "3.2"]
[White "Vega Gutierrez, Sabrina"]
[Black "Cruz, Cristhian"]
[Result "0-1"]
[WhiteElo "2352"]
[BlackElo "2523"]
[PlyCount "106"]
[EventDate "2009.12.26"]
[EventType "swiss"]
[EventRounds "9"]
[EventCountry "ESP"]
[Source "lmi"]
[SourceDate "2009.12.26"]

1. e4 e6 2. d4 d5 3. e5 c5 4. Qg4 cxd4 5. Nf3 Nc6 6. Bd3 g6 7. O-O Bg7 8. Re1
f6 9. Bf4 Nh6 10. Bxh6 Bxh6 11. Bb5 O-O 12. Bxc6 bxc6 13. Qxd4 f5 14. Nc3 g5
15. Na4 g4 16. Nd2 Qg5 17. Rad1 f4 18. Nc5 f3 19. g3 Qh5 20. h4 Bg5 21. Nf1
Bxh4 22. gxh4 Qxh4 23. Nh2 Rf5 24. Kh1 h5 25. Rg1 Kh7 26. Rg3 Qg5 27. Rdg1 Rf4
28. Qe3 Qf5 29. Nd3 Rc4 30. Nxf3 c5 31. Nh4 Qe4+ 32. Qxe4+ dxe4 33. Ne1 Bb7 34.
Re3 Rd4 35. Kg2 Rf8 36. Kg3 Rd2 37. Rg2 Kh6 38. Rh2 Bd5 39. a3 a5 40. b3 Rf7
41. Rc3 Re2 42. Re3 Rd2 43. a4 Rf8 44. Rg2 Rf7 45. Rh2 Rf8 46. Rc3 Re2 47. Re3
Rd2 48. Rc3 Re2 49. Re3 Rd2 50. f4 Rxh2 51. Kxh2 Rxf4 52. Rc3 Kg5 53. Neg2 Rf3
0-1

[Event "3. Open Stadium Casablanca 2009"]
[Site "Zaragoza ESP"]
[Date "2009.12.27"]
[Round "3.3"]
[White "Leon Hoyos, Manuel"]
[Black "Cruz, Jonathan"]
[Result "1-0"]
[WhiteElo "2516"]
[BlackElo "2343"]
[PlyCount "151"]
[EventDate "2009.12.26"]
[EventType "swiss"]
[EventRounds "9"]
[EventCountry "ESP"]
[Source "lmi"]
[SourceDate "2009.12.26"]

1. e4 c5 2. Nf3 d6 3. d4 cxd4 4. Nxd4 Nf6 5. Nc3 a6 6. Bc4 e6 7. O-O Qc7 8. Bb3
b5 9. Qf3 Be7 10. Qg3 O-O 11. Bh6 Ne8 12. Rad1 b4 13. Nce2 Kh8 14. Bg5 Bxg5 15.
Qxg5 Nf6 16. Ng3 Bd7 17. f4 Qa5 18. e5 h6 19. Qh4 dxe5 20. fxe5 Qxe5 21. Rde1
Qg5 22. Qxg5 hxg5 23. Re5 Nc6 24. Nxc6 Bxc6 25. Rxg5 Rad8 26. Nh5 Nxh5 27.
Rxh5+ Kg8 28. Rc5 Ba8 29. h3 Rd2 30. Rf2 Rxf2 31. Kxf2 Rd8 32. g3 Kh7 33. Ke2
Kg6 34. Bc4 Rd6 35. Bd3+ Kf6 36. h4 Bd5 37. Ra5 Bb7 38. Ke3 e5 39. Rc5 Bd5 40.
Ra5 Bb7 41. Rc5 Bd5 42. b3 Be6 43. Ra5 Bc8 44. Rc5 Be6 45. Ra5 Bc8 46. a3 bxa3
47. Rxa3 Ke6 48. Ra5 f5 49. Rc5 Bd7 50. Rc7 a5 51. Ra7 a4 52. bxa4 f4+ 53. gxf4
exf4+ 54. Kxf4 Rd4+ 55. Kg5 Ke5 56. Ra5+ Kd6 57. Bf5 Bxf5 58. Rxf5 Ke6 59. Rf4
Rd2 60. Rc4 Rg2+ 61. Kf4 Kd5 62. Rc8 Rf2+ 63. Kg4 Rf7 64. Kg5 Ra7 65. Kg6 Rxa4
66. c4+ Ke5 67. h5 Ra7 68. Rf8 Rc7 69. Rf5+ Ke4 70. Rf7 Rxc4 71. Kxg7 Ke5 72.
h6 Ke6 73. h7 Rg4+ 74. Kf8 Rh4 75. Kg8 Ra4 76. h8=Q 1-0

[Event "3. Open Stadium Casablanca 2009"]
[Site "Zaragoza ESP"]
[Date "2009.12.27"]
[Round "3.4"]
[White "Forcen Esteban, Daniel"]
[Black "Franco Ocampos, Zenon"]
[Result "1-0"]
[WhiteElo "2327"]
[BlackElo "2516"]
[PlyCount "99"]
[EventDate "2009.12.26"]
[EventType "swiss"]
[EventRounds "9"]
[EventCountry "ESP"]
[Source "lmi"]
[SourceDate "2009.12.26"]

1. e4 c5 2. Nc3 Nc6 3. Bb5 e6 4. Bxc6 bxc6 5. d3 d5 6. f4 Nf6 7. e5 Nd7 8. Nf3
Be7 9. O-O O-O 10. b3 f6 11. Qe2 fxe5 12. fxe5 Rf5 13. Bd2 Qc7 14. Rae1 Ba6 15.
g4 Rf7 16. Bg5 Nf8 17. Bxe7 Qxe7 18. Qd2 Ng6 19. Ne2 Raf8 20. Qe3 c4 21. bxc4
dxc4 22. d4 c3 23. d5 exd5 24. e6 Rf6 25. Nfd4 c5 26. Rxf6 Rxf6 27. Nf5 Qxe6
28. Qf2 Qe4 29. Neg3 Qa4 30. Qxc5 Qc6 31. Qxa7 Qb6+ 32. Qxb6 Rxb6 33. Re8+ Kf7
34. Re3 Nf4 35. Rxc3 Bc4 36. Rf3 Rb1+ 37. Kf2 g5 38. Nd6+ Ke6 39. Nxc4 dxc4 40.
Rc3 Kd5 41. Nf5 Rh1 42. Ne3+ Ke5 43. Nf1 Kd4 44. Rf3 c3 45. a4 Kc4 46. a5 Kb5
47. Rxc3 Kxa5 48. Rf3 Kb4 49. Rxf4+ gxf4 50. Kg2 1-0

[Event "3. Open Stadium Casablanca 2009"]
[Site "Zaragoza ESP"]
[Date "2009.12.27"]
[Round "3.5"]
[White "Adla, Diego"]
[Black "Lopez Gracia, Fernando"]
[Result "1/2-1/2"]
[WhiteElo "2498"]
[BlackElo "2315"]
[PlyCount "26"]
[EventDate "2009.12.26"]
[EventType "swiss"]
[EventRounds "9"]
[EventCountry "ESP"]
[Source "lmi"]
[SourceDate "2009.12.26"]

1. c4 Nf6 2. Nf3 g6 3. b3 Bg7 4. Bb2 c5 5. g3 b6 6. Bg2 Bb7 7. O-O O-O 8. e3 d5
9. Qe2 Nc6 10. d3 Re8 11. Nbd2 e5 12. cxd5 Nxd5 13. a3 Qe7 1/2-1/2

[Event "3. Open Stadium Casablanca 2009"]
[Site "Zaragoza ESP"]
[Date "2009.12.27"]
[Round "3.6"]
[White "Moreno Gracia, Daniel"]
[Black "Oms Pallisse, Josep"]
[Result "0-1"]
[WhiteElo "2323"]
[BlackElo "2490"]
[PlyCount "84"]
[EventDate "2009.12.26"]
[EventType "swiss"]
[EventRounds "9"]
[EventCountry "ESP"]
[Source "lmi"]
[SourceDate "2009.12.26"]

1. c4 Nf6 2. Nc3 e6 3. e4 c5 4. e5 Ng8 5. Nf3 Nc6 6. d4 cxd4 7. Nxd4 Nxe5 8.
Ndb5 a6 9. Nd6+ Bxd6 10. Qxd6 f6 11. Be3 Ne7 12. Bb6 Nf5 13. Qc5 d6 14. Qa5 Qd7
15. f4 Nc6 16. Qa3 Nce7 17. g4 Qc6 18. Qa4 Bd7 19. Qxc6 Bxc6 20. Rg1 Nh4 21.
O-O-O d5 22. Rg3 Nhg6 23. f5 Ne5 24. fxe6 dxc4 25. g5 N7g6 26. gxf6 gxf6 27. h4
Nf4 28. Rd4 Nxe6 29. Rd1 Kf7 30. Re3 Nf4 31. Kb1 Rhg8 32. Ne4 Nd5 33. Nd6+ Ke6
34. Rxe5+ fxe5 35. Bc5 Nf4 36. Bxc4+ Bd5 37. Bxd5+ Nxd5 38. Ne4 h6 39. Ba3 b6
40. Rd2 Rac8 41. Rd1 Rg4 42. Nd6 Rd8 0-1